000 00562nam a2200229Ia 4500
003 OSt
005 20220924153216.0
006 a|||||r|||| 00| 0
007 ta
008 220923b |||||||| |||| 00| 0 guj d
024 _a347250
037 _cTextual
040 _aARTS
_cARTS
_bguj
041 _2guj
_aguj
082 _aV2.M, L01
100 _aRadhakrishna
_9206286
245 0 _aMahatma Gandhi shathabadi grath
260 _c1970
650 _aHISTORY
942 _hV2.M, L01
_cTEXL
_2CC
999 _c472734
_d472734